000 00301nam a2200109Ia 4500
008 220624s9999 xx 000 0 und d
020 _a0 7993 1317 3
082 _aAF BERG
100 _aBergh, Rene
_974722
245 0 _aVUUR VIR N KOUE SKEMER
942 _cBK
_w561
_xJohn Tresidder
_y296
_zPhillipina Naude
999 _c687250
_d687249